000 00755nam a22001577a 4500
008 100421t xxu||||| |||| 00| 0 eng d
082 _221
_a364.95
_bر ض ا
100 _913643
_aرضا, عادل
245 _aوصفى التل:
_bالقاتل و القتيل: الأغتيال فى الفكر القانونى والسياسى /
_cعادل رضا
260 _aالقاهرة؛
_aبيروت :
_bهيردوت ,
_cس.1972.
300 _a511 ص,
_c21 سم.
650 _913645
_aالتل, وصفى - 1919-1971
650 _913644
_aالإغتيال السياسى - تاريخ
942 _2ddc
_cBB
999 _c13922
_d13922